Score 0/21 Timer 03:00
7 Plays Today
Answer % Correct
Texas
98.3%
California
95.7%
Alaska
95.5%
Montana
85.9%
Arizona
76.9%
New Mexico
75.7%
Quebec
54.8%
Western Australia
52.2%
Bavaria
51.1%
British Columbia
44.5%
Tibet
22.5%
Answer % Correct
Andalusia
17.5%
Lower Saxony
13.6%
Brandenburg
10.3%
Inner Mongolia
9.6%
North Rhine-Westphalia
9%
Aragon
8.4%
Xinjiang Uyghur
8%
Baden-Württemberg
7.9%
Castile and León
6.2%
Castilla-La Mancha
5.6%

You're not logged in!

Compare scores with friends on all Sporcle quizzes.
OR
Log In

Sporcle TV

Today on Sporcle TV


Watch our educational content, quiz creation guides, and fun videos on Sporcle TV.

Show Comments

Extras

Top Quizzes Today


Score Distribution

Paid Content

Your Account Isn't Verified!

In order to create a playlist on Sporcle, you need to verify the email address you used during registration. Go to your Sporcle Settings to finish the process.

Report this User

Report this user for behavior that violates our Community Guidelines.

Details: